Estudios Laborales Nº 1

Guardat en:
Dades bibliogràfiques
Autor corporatiu: Sociedad Chilena de Derecho del Trabajo y de la Seguridad Social (Autor)
Format: Llibre
Idioma:espanyol
Publicat: Santiago LexisNexis 2007
Edició:1a. ed
Matèries:
Etiquetes: Afegir etiqueta
Sense etiquetes, Sigues el primer a etiquetar aquest registre!

MARC

LEADER 00000nam a2200000 a 4500
001 UCI7244
003 CL-VaPUC
008 080619e20070000CL |||||||||||||||||spa|d
020 |a 9759562387101 
082 0 4 |a 344.8301  |b SOC  |2 21 
110 2 |a Sociedad Chilena de Derecho del Trabajo y de la Seguridad Social  |e author  |9 530414 
245 1 0 |a Estudios Laborales Nº 1 
250 |a 1a. ed 
300 |a 149 p 
942 |c BK 
945 |d 20080619 00:00:00  |a rbrito 
260 |a Santiago  |b LexisNexis  |c 2007 
650 7 |a DERECHO LABORAL  |2 CL-VaPUC  |9 15 
650 7 |a SUBCONTRATACION LABORAL  |2 CL-VaPUC  |9 530415 
650 7 |a TRATADO DE LIBRE COMERCIO  |2 CL-VaPUC  |9 459490 
650 0 |a Jurisprudencia  |9 255952 
583 |a last modification  |c 20170801 05:17:05  |k Rodrigo Vera 
999 |c 330587  |d 330585 
952 |0 0  |1 0  |4 0  |6 344_830100000000000_SOC_2007  |7 0  |8 A  |9 416197  |a BIBDER  |b BIBDER  |d 2019-11-22  |i 4451317  |o 344.8301 SOC 2007  |p 4451317  |r 2023-01-25  |w 2019-11-22  |y BK  |k DER 
952 |0 0  |1 0  |4 0  |6 344_830100000000000_SOC_2007  |7 0  |8 A  |9 416198  |a BIBDER  |b BIBDER  |d 2019-11-22  |i 4481429  |o 344.8301 SOC 2007  |p 4481429  |r 2023-01-25  |w 2019-11-22  |y BK  |k DER